| 000 | 00903cam a22002655a 4500 | ||
|---|---|---|---|
| 001 | 17718767 | ||
| 005 | 20150428153023.0 | ||
| 008 | 130430s2014 cauako frbd 001 0 eng d | ||
| 020 | _a9781446248973 (c) | ||
| 020 | _a9781446248980 (p) | ||
| 040 |
_aDLC _cDLC _dEG-ScBUE |
||
| 082 | 0 | 0 |
_222 _bQUA _a300.72 |
| 245 | 0 | 0 |
_aQualitative methodology : _ba practical guide / _c[edited by] Jane Mills, Melanie Birks. |
| 260 |
_aLos Angeles : _bSAGE, _c2014. |
||
| 300 |
_axviii, 266 p. : _bforms, photographs, tables ; _c23 cm. |
||
| 500 | _aGlossary : p. 257-260. | ||
| 500 | _aIndex : p. 261-265. | ||
| 504 | _aIncludes bibliographical references. | ||
| 650 | 7 |
_2BUEsh _920647 _aSocial sciences _xResearch _xMethodology. |
|
| 653 |
_bCOMAME _cApril2015 |
||
| 655 |
_vreading book _934232 |
||
| 700 | 1 |
_aMills, Jane, _eeditor. _937770 |
|
| 700 | 1 |
_aBirks, Melanie, _eeditor. _937771 |
|
| 942 |
_2ddc _k300.72 QUA |
||
| 999 |
_c19237 _d19209 |
||